000 00561 a2200181 4500
020 _a9780521884389
020 _a0521884381
040 _aDLC
_bDLC
100 1 _aDarwiche, Adnan,
245 1 0 _aModeling and reasoning with Bayesian networks
_cAdnan Darwiche.
260 _aCambridge ;
_aNew York :
_bCambridge University Press,
_c2009.
300 _axii, 548 p. :
_bill. ;
_c26 cm.
650 0 _aBayesian statistical decision theory
_xGraphic methods.
650 0 _aInference.
650 0 _aProbabilities.
650 0 _aModeling.
942 _cBK
_k519.542 DAR
_2ddc
999 _c10286
_d10286